000 004680000a22001930004500
001 002836
003 MACL
005 20150908164721.0
008 150908b xxu||||| |||| 00| 0 eng d
040 _aMACL
_cMACL
041 _aEnglish
082 _a820.092/KRI
100 _aKrishnamurti, J
_94788
245 _aOn Truth
_cJ Krishnamurti
260 _aChennai
_c2004
_bEast West Publications,
350 _a200
650 _aLiterature
_99404
942 _k820
_cBK
_2ddc
999 _c14744
_d14744